000 01035aab a2200205 i 4500
001 768714001
003 CO-MdFUSB
005 20240422113440.0
008 240404b1990 ag ||||| |||| 00| 0 spa d
040 _bspa
_cCO-MdFUSB
041 _aspa
100 1 _aCamargo López, Jesús
_eautor
245 3 _aLa familia en transición
_c/ Jesús Camargo López y Carmen Pérez de Camargo
300 _aVolumen 9, número 3 (septiembre, 1990), páginas: 20 - 21
_c; 27 cm
520 _aEste artículo hace referencia a la ruptura del modelo rural tradicional le sigue la separación de la vida familiar. Es un hecho que el cambio social y el desarrollo tecnológico están desafiando comportamientos de larga data. Los roles sociales de ambos sexos están cambiando. En consecuencia, es probable que la vida familiar se vea alterada.
650 0 _aFamilias
_9292
700 1 _aPérez de Camargo, Carmen
773 0 _tIglesia y Misión
_049402
_959664
_gVolumen 9, número 3 (septiembre, 1990), páginas: 20 - 21
_qpágina: 20
942 _cANA
999 _c51893
_d51893